000 00687nam a2200181Ia 4500
008 090630s9999 xx 000 0 und d
082 _b12856
100 _aअनुभवी तज्ञ.
245 _aसुलभ कुक्कुट पालन पध्दती.
_cअनुभवी तज्ञ.
260 _bराजेश - पुणे.
_c1992
300 _a184
600 _aअनुभवी तज्ञ.
630 _aसुलभ कुक्कुट पालन पध्दती.
655 _aइतर.
700 _aअनुभवी तज्ञ.
730 _aसुलभ कुक्कुट पालन पध्दती.
942 _cBOOK
999 _c264712
_d264712